000 01523cam a22004094i 4500
003 PE-LiUPU
005 20250731184109.0
008 150625s r 000 0 d
020 _a9684441746
035 _a(Sirsi) i9789684441743
040 _aPE-LiUPU
_bspa
_cPE-LiUPU
_erda
049 _aPRUA
082 0 4 _a808.22
_bL67
_221
100 1 _aLinares, Marco Julio,
_eautor.
245 1 3 _aEl Guión :
_bElementos - Formatos - Estructuras /
_cpor Marco Julio Linares.
250 _a5a
264 1 _aMéxico :
_bPearson Educación,
_c1994.
300 _a302 páginas :
_bilustraciones, dibujos ;
_c23 centímetros
336 _atext
_2rdacontent
337 _aunmediated
_2rdamedia
338 _avolume
_2rdacarrier
500 _aIncluye Glosario de términos.
504 _aBibliografía: p. 299.
505 0 _aPrólogo. -Introducción. -Audiovisuales. -Radio. -Cine. -Televisión. -Historieta o Comic. -Estructura Gramática.
526 _aP145
526 _aP127
526 _aP97
526 _aP14
526 _aP07
650 0 4 _aLibretos para televisión.
942 _2ddc
_cBOOK
949 _a808.22 L67
_wDEWEY
_c1
_i52496
_lCCODEBUL1
_mBUL
_r0
_sY
_tBOOK
_u2015-6-25
_xEDUCACION
_zUNKNOWN
_0COMPRA
_o.STAFF. Colección General
994 _aC0
_bPEPRU
596 _a1
999 _a808.22 L67
_wDEWEY
_c45261
_i52496
_d45261
_e2018-6-11
_f2021-11-5
_g5
_lCCODEBUL1
_mBUL
_n1
_r0
_sY
_tBOOK
_u2015-6-25
_xBIBLIOTECA
_zUNKNOWN
_0COMPRA
_o.STAFF. Colección General
980 _81
_gALBERTO SANCHEZ Responsable de Automatización